LEADER 03395oam 2200721I 450 001 9910790483503321 005 20230801223924.0 010 $a1-136-28543-1 010 $a1-283-52134-2 010 $a9786613833792 010 $a0-203-11309-8 010 $a1-136-28544-X 024 7 $a10.4324/9780203113097 035 $a(CKB)2670000000230948 035 $a(EBL)987996 035 $a(OCoLC)804661418 035 $a(SSID)ssj0000713739 035 $a(PQKBManifestationID)12259670 035 $a(PQKBTitleCode)TC0000713739 035 $a(PQKBWorkID)10663788 035 $a(PQKB)10526444 035 $a(MiAaPQ)EBC987996 035 $a(Au-PeEL)EBL987996 035 $a(CaPaEBR)ebr10588956 035 $a(CaONFJC)MIL383379 035 $a(FINmELB)ELB137036 035 $a(EXLCZ)992670000000230948 100 $a20180706d2012 uy 0 101 0 $aeng 135 $aur|n|---||||| 181 $ctxt 182 $cc 183 $acr 200 10$aIcons of war and terror $emedia images in an age of international risk /$fJohn Tulloch and R. Warwick Blood 210 1$aNew York, N.Y. :$cRoutledge,$d2012. 215 $a1 online resource (233 p.) 225 0 $aMedia, war and security 300 $aDescription based upon print version of record. 311 $a0-415-69805-7 311 $a0-415-69804-9 320 $aIncludes bibliographical references and index. 327 $aCover; Title; Copyright; Contents; Acknowledgements; Introduction; 1 Guernica: icon of state terror; 2 Ways of seeing the napalmed girl: icons of agony and beauty; 3 Two Bangladeshi boys and public culture: iconic or absent?; 4 'The Gulf War did not take place': smart-weapon icon; 5 Picturing Kosovo: virtual, new or old war?; 6 Did 9/11 'change everything'? Icons out of a clear blue sky; 7 Shock doctrine in Iraq: the 'Marlboro Marine' and 'Shock and Awe'; 8 Abu Ghraib, regimes of looking and risk: icon, index and symbol; 9 Witnessing terrorism in New York and London: trauma icons 327 $a10 Culture warriors: icons of the colonial, then and now11 Conclusion: walls and borders; References; Index 330 $aThis book explores the ideas of key thinkers and media practitioners who have examined images and icons of war and terror. Icons of War and Terror explores theories of iconic images of war and terror, not as received pieties but as challenging uncertainties; in doing so, it engages with both critical discourse and conventional image-making. The authors draw on these theories to re-investigate the media/global context of some of the most iconic representations of war and terror in the international 'risk society'. Among these photojournalistic images are: Nick 410 0$aMedia, War and Security 606 $aWar in mass media 606 $aTerrorism in mass media 606 $aViolence in mass media 606 $aVisual communication$xPolitical aspects 615 0$aWar in mass media. 615 0$aTerrorism in mass media. 615 0$aViolence in mass media. 615 0$aVisual communication$xPolitical aspects. 676 $a303.6 700 $aTulloch$b John.$0615398 701 $aBlood$b Richard Warwick$f1947-$01574457 801 0$bMiAaPQ 801 1$bMiAaPQ 801 2$bMiAaPQ 906 $aBOOK 912 $a9910790483503321 996 $aIcons of war and terror$93850723 997 $aUNINA LEADER 04487oam 2200697zu 450 001 9910131919803321 005 20210807004754.0 010 $a9782821828582 010 $a2821828586 010 $a9782821816565 010 $a2821816561 024 7 $a10.4000/books.igpde.1937 035 $a(CKB)3460000000122151 035 $a(SSID)ssj0001537208 035 $a(PQKBManifestationID)11884260 035 $a(PQKBTitleCode)TC0001537208 035 $a(PQKBWorkID)11512895 035 $a(PQKB)10087114 035 $a(WaSeSS)IndRDA00044410 035 $a(FrMaCLE)OB-igpde-1937 035 $a(oapen)https://directory.doabooks.org/handle/20.500.12854/45217 035 $a(PPN)267966083 035 $a(FR-PaCSA)88919309 035 $a(FRCYB88919309)88919309 035 $a(oapen)doab45217 035 $a(EXLCZ)993460000000122151 100 $a20160829d2000 uy 101 0 $afre 135 $aur||||||||||| 181 $ctxt 182 $cc 183 $acr 200 13$aLa direction du Trésor, 1947-1967 : l'État-banquier et la croissance 210 $cInstitut de la gestion publique et du développement économique$d2000 210 31$a[Place of publication not identified]$cInstitut de la gestion publique et du développement économique Comité pour l'histoire économique et$d2000 215 $a1 online resource (xv, 693 pages) 225 1 $aHistoire e?conomique et financie?re de la France. Etudes ge?ne?rales 300 $aBibliographic Level Mode of Issuance: Monograph 311 08$a9782110910547 311 08$a2110910542 320 $aIncludes bibliographical references and index. 330 $aSentinelle avancée de la modernisation et de la croissance de l?économie depuis 1945, la direction du Trésor a construit autour d?elle un système financier public spécifiquement français. Comment et dans quelle optique une direction du ministère des Finances a-t-elle réussi à prendre cette place d?État-banquier, au c?ur de la croissance ? Au-delà d'une légende qui s?est progressivement développée dans les milieux politiques, administratifs, bancaires, industriels, et même auprès des historiens, l?auteur livre les ressorts cachés de l?organisation et les dimensions réelles du pouvoir de la direction du Trésor. Quelle est la place de la direction dans la définition des politiques publiques ? Comment a-t-elle évolué ? Quels sont les fondements de son prestige ? À travers l?étude des hommes et de l?organisation de la direction, Laure Quennoëlle-Corre apporte des réponses et nous fait découvrir la réalité d?une administration. Un ouvrage essentiel à la compréhension de la spécificité de la croissance française, mais aussi du fonctionnement et de la capacité stratégique d?une administration. Une réflexion qui ouvre des perspectives sur la réforme de l?État. In the vanguard of modernisation and economic growth since 1945, the French Directorate of the Treasury built up around itself a specifically French public finance system. How and to what purpose did a Directorate of the Ministry of Finance succeed in creating for itself this position in which a government department acts as a State banker, right at the heart of growth? Going beyond the legend which has gradually developed within political, government, banking and industrial circles, and even amongst historians, the author reveals the hidden mechanisms of its organisation and the true extent of the power exercised by the Directorate of the Treasury. What part did the Directorate play in the formulation of public policy? How did this role change? Through a study of the people behind the Directorate and its? 410 0$aHistoire e?conomique et financie?re de la France.$pEtudes ge?ne?rales. 606 $aPolitical Science$2HILCC 606 $aLaw, Politics & Government$2HILCC 606 $aPublic Finance$2HILCC 610 $ahistoire économique et financière 610 $aréforme de l?État 610 $aVe République 610 $aBanque de France 610 $aministère des Finances 610 $aIVe République 615 7$aPolitical Science 615 7$aLaw, Politics & Government 615 7$aPublic Finance 700 $aQuennouëlle-Corre$b Laure$0916661 801 0$bPQKB 906 $aBOOK 912 $a9910131919803321 996 $aLa direction du Trésor, 1947-1967 : l'État-banquier et la croissance$92055037 997 $aUNINA LEADER 00898nam0-22003011i-450 001 990001751320403321 005 20260112124009.0 035 $a000175132 035 $aFED01000175132 035 $a(Aleph)000175132FED01 100 $a20030910d1991----km-y0itay50------ba 101 0 $aita 200 1 $aAgrometeorologia$fFabrizio Benincasa, Giampiero Maracchi, Paola Rossi 210 $aBologna$cPatron Ed.$d1991 215 $aXI, 426 p.$d24 cm 610 0 $aAgrometeorologia 676 $a630.251 5 700 1$aBenincasa,$bFabrizio$076037 701 1$aMaracchi,$bGiampiero$076038 701 1$aRossi,$bPaola$f<1943- >$0429790 801 0$aIT$bUNINA$gRICA$2UNIMARC 901 $aBK 912 $a990001751320403321 952 $a60 630.251 BENF 1991$b3525$fFAGBC 952 $a630.251 BENF 1991 BIS$b00/0003/26$fFAGBC 959 $aFAGBC 996 $aAgrometeorologia$9363289 997 $aUNINA